Responses for show #5068 - Wednesday, September 27, 2006

Contestants

[<< previous game]

Ken Davis, a pediatrician from Scotch Plains, New Jersey

Lauren High, a catering coordinator from Reading, Pennsylvania

Eric Barela, an educational researcher from Los Angeles, California (whose 2-day cash winnings total $36,002)

[next game >>]

Jeopardy! Round responses

CIVIL WAR TIMES
1970s ROCK
WEDDINGS
OLD NAMES ON THE MAP
SYMBOLOGY
ENDS IN "TION"
    $200 14
John Brown

Ken
    $200 2
Kansas

Eric
    $200 18
break the wine glass

Ken
    $200 1
France

Lauren
    $200 11
Hewlett & Packard

Eric
    $200 22
elevation

Lauren
    $400 15
(William Tecumseh) Sherman

Eric
    $400 3
Neil Sedaka

Lauren
    $400 27
(Eric: What is a dress?)

a veil

EricLauren
    $400 7
Delaware

Lauren
    $400 12
the Yellow Pages

Eric
    $400 23
decapitation

Eric
    $600 19
a stone wall

Ken
    $600 4
"Me And Bobby McGee"

Ken
    $600 28
the wedding ring

Eric
    $600 8
Vietnam

Eric
    $600 13
American Express

Ken
    $600 24
absolution

Lauren
    $1,500 20
(Ken: What is Kentucky?)

Virginia

Ken
    $800 5
"Baby, I Love Your Way"

Eric
    $800 29
an attendant

Ken
    $800 9
Korea

Ken
    $800 16
Motorola

Eric
    $800 25
circulation

Eric
    $1000 21
Pickett

Ken
    $1000 6
(Lauren: What is The Wall?)

Animals

Lauren
Triple Stumper
    $1000 30
(Alex: Little white flowers, so it's usually found in [*].)

the bouquet

Triple Stumper
    $1000 10
Libya

Eric
    $1000 17
Roland

Triple Stumper
    $1000 26
a fixation

Lauren

Scores at the first commercial break (after clue 15):

Eric Lauren Ken
$3,600 $0 $2,200

Scores at the end of the Jeopardy! Round:

Eric Lauren Ken
$5,800 $2,200 $3,300

Double Jeopardy! Round responses

FIREFIGHTING
(Alex: ...and we will feature clues from the New York Fire Department Training Academy.)
HALLMARK HALL OF FAME
BRIDGING THE LITERARY GAP
LET’S GET SMALL
LEAPING
LIZARDS
    $400 26
smoke inhalation

Eric
    $400 21
Alcoholics Anonymous

Eric
    $400 1
Madison County

Eric
    $400 11
little

Ken
    $400 16
China

Ken
    $400 6
a monitor lizard

Ken
    $800 27
car racing

Ken
    $800 22
Rosie O’Donnell

Eric
    $800 2
River Kwai

Eric
    $800 12
petty

Lauren
    $800 17
“one giant leap for mankind”

Eric
    $800 7
licking it

Lauren
    $1200 28
thermal

Eric
    $1200 23
Sarah, Plain and Tall

Triple Stumper
    $1200 3
Far

Ken
    $1200 13
tiny

Ken
    $1200 18
a springboard

Eric
    $1200 8
the bearded lizard

Lauren
    $5,000 29
a self-contained breathing apparatus

Eric
    $1600 24
Anthony Hopkins

Lauren
    $1600 4
San Luis Rey

Ken
    $1600 14
a shrink

Eric
    $1600 19
jeté

Ken
    $1,200 9
the Gila monster

Lauren
    $2000 30
pneumatic

Ken
    $2000 25
(Eric: Who is Marlon Brando?)

George C. Scott

EricKen
    $2000 5
Toko Ri

Ken
    $2000 15
slight

Triple Stumper
    $2000 20
a photon

Lauren
    $2000 10
dewlap

Triple Stumper

Scores at the end of the Double Jeopardy! Round:

Eric Lauren Ken
$16,400 $9,800 $16,900

[wagering suggestions for these scores]

Final Jeopardy! Round responses

FAMOUS PAINTERS
(Alex: Yes, there’s a famous Luncheon of the Boating Party that [*] painted near Fournaise’s a long time ago.)
LaurenWho was Seurat?
$9,700
EricWho was Renoir?
$16,400
KenWho was Toulouse-Lautrec
$16,000
Pierre-Auguste Renoir

Final scores:

Eric Lauren Ken
$32,800 $100 $900
3-day champion: $68,802 3rd place: $1,000 2nd place: $2,000

Game dynamics:

Coryat scores:

Eric Lauren Ken
$13,000 $10,200 $18,400
21 R
(including 1 DD),
2 W
13 R
(including 1 DD),
1 W
19 R,
1 W
(including 1 DD)

Combined Coryat: $41,600

The J! Archive is created by fans, for fans. The Jeopardy! game show and all elements thereof, including but not limited to copyright and trademark thereto, are the property of Jeopardy Productions, Inc. and are protected under law. This website is not affiliated with, sponsored by, or operated by Jeopardy Productions, Inc. Join the discussion at JBoard.tv.